[Event "GER-ch54 V05 email"]
[Site "GER email"]
[Date "2022.05.01"]
[Round "?"]
[White "Fischer, Jens"]
[Black "Koch, Hans Georg"]
[Result "1-0"]
[WhiteElo "1964"]
[BlackElo "2078"]
[PlyCount "31"]
[EventDate "2022.05.01"]
[EventType "tourn (corr)"]
[EventRounds "10"]
[EventCountry "GER"]
[SourceTitle "Corr 2024"]
[Source "ChessBase"]
[SourceDate "2023.10.19"]
[SourceVersion "1"]
[SourceVersionDate "2023.10.19"]
[SourceQuality "1"]

1. e4 e5 2. Nf3 Nf6 3. d4 exd4 4. e5 Nd5 5. Qxd4 Nb6 6. Qe4 Be7 7. Nc3 Nc6 8. Be3 d5 9. exd6 cxd6 10. 0-0-0 Be6 11. Nd4 Qd7 12. Nxe6 Qxe6 13. Bxb6 Qxe4 14. Nxe4 axb6 15. Bc4 0-0 16. Nxd6 1-0

[Event "GER-ch54 V05 email"]
[Site "GER email"]
[Date "2022.05.01"]
[Round "?"]
[White "Schulz, Rene"]
[Black "Koch, Hans Georg"]
[Result "1/2-1/2"]
[WhiteElo "2066"]
[BlackElo "2078"]
[PlyCount "103"]
[EventDate "2022.05.01"]
[EventType "tourn (corr)"]
[EventRounds "10"]
[EventCountry "GER"]
[SourceTitle "Corr 2024"]
[Source "ChessBase"]
[SourceDate "2023.10.19"]
[SourceVersion "1"]
[SourceVersionDate "2023.10.19"]
[SourceQuality "1"]

1. e4 e5 2. Nf3 Nf6 3. Nxe5 d6 4. Nf3 Nxe4 5. d4 d5 6. Bd3 Bd6 7. 0-0 0-0 8. c4 c6 9. Re1 Bf5 10. Qb3 Na6 11. cxd5 cxd5 12. Nc3 Be6 13. a3 Nc7 14. Be3 f5 15. Rac1 Kh8 16. Qd1 Bg8 17. Rc2 Qf6 18. Ne5 Rad8 19. f4 Qh6 20. Qc1 Ne8 21. Rf1 N8f6 22. Qe1 Rc8 23. h3 Rc7 24. Nb5 Rxc2 25. Bxc2 Bb8 26. Bd3 a6 27. Nc3 Qh5 28. Na4 Qe8 29. Qb4 Bd6 30. Nc5 Qe7 31. Qb6 Rb8 32. Rc1 Nxc5 33. dxc5 Bxe5 34. fxe5 Qxe5 35. c6 bxc6 36. Bd4 Qf4 37. Rf1 Rxb6 38. Rxf4 c5 39. Bxc5 Rxb2 40. Rb4 Ra2 41. Bxf5 Rxa3 42. Bd4 Ra2 43. Rb8 Re2 44. g4 Re8 45. Rb6 Bf7 46. Bxf6 gxf6 47. Rxf6 Kg8 48. Rxa6 h5 49. Kf2 hxg4 50. hxg4 d4 51. Rd6 d3 52. Bxd3 1/2-1/2

[Event "GER-ch53 V07 email"]
[Site "GER email"]
[Date "2021.04.21"]
[Round "?"]
[White "Koch, Hans Georg"]
[Black "Bekemann, Uwe"]
[Result "1/2-1/2"]
[WhiteElo "2065"]
[BlackElo "2072"]
[PlyCount "45"]
[EventDate "2021.04.21"]
[EventType "tourn (corr)"]
[EventRounds "10"]
[EventCountry "GER"]
[SourceTitle "Corr 2024"]
[Source "ChessBase"]
[SourceDate "2023.10.19"]
[SourceVersion "1"]
[SourceVersionDate "2023.10.19"]
[SourceQuality "1"]

1. c4 e5 2. Nc3 Nf6 3. Nf3 Nc6 4. g3 d5 5. cxd5 Nxd5 6. Bg2 Nb6 7. a3 Be7 8. 0-0 0-0 9. b4 Be6 10. d3 a5 11. b5 Nd4 12. Nd2 c6 13. bxc6 Nxc6 14. Rb1 a4 15. Bxc6 bxc6 16. Qc2 f6 17. Nce4 c5 18. Nc4 Nxc4 19. dxc4 Qd4 20. Be3 Qxc4 21. Qxc4 Bxc4 22. Rfe1 Rfc8 23. Rbc1 1/2-1/2

[Event "GER-ch53 V07 email"]
[Site "GER email"]
[Date "2021.04.21"]
[Round "?"]
[White "Lukas, Norbert"]
[Black "Koch, Hans Georg"]
[Result "1/2-1/2"]
[WhiteElo "2093"]
[BlackElo "2065"]
[PlyCount "43"]
[EventDate "2021.04.21"]
[EventType "tourn (corr)"]
[EventRounds "10"]
[EventCountry "GER"]
[SourceTitle "Corr 2024"]
[Source "ChessBase"]
[SourceDate "2023.10.19"]
[SourceVersion "1"]
[SourceVersionDate "2023.10.19"]
[SourceQuality "1"]

1. e4 c5 2. Nf3 d6 3. d4 cxd4 4. Nxd4 Nf6 5. Nc3 a6 6. Be3 e5 7. Nb3 Be6 8. f3 h5 9. Nd5 Bxd5 10. exd5 Nbd7 11. Qd2 g6 12. Be2 Bg7 13. 0-0 b6 14. c4 0-0 15. Rad1 Re8 16. Kh1 Rc8 17. Qe1 a5 18. Qf2 Qe7 19. h3 Nc5 20. Nxc5 bxc5 21. Rde1 Qd7 22. Bd1 1/2-1/2

[Event "GER-ch51 V09 email"]
[Site "GER email"]
[Date "2019.04.14"]
[Round "?"]
[White "Jung, Reiner"]
[Black "Koch, Hans Georg"]
[Result "1/2-1/2"]
[WhiteElo "2310"]
[BlackElo "2365"]
[PlyCount "76"]
[EventDate "2019.??.??"]
[EventType "tourn (corr)"]
[EventRounds "10"]
[EventCountry "GER"]
[SourceTitle "Corr 2022"]
[Source "ChessBase"]
[SourceDate "2021.10.24"]
[SourceVersion "1"]
[SourceVersionDate "2021.10.24"]
[SourceQuality "1"]

1. c4 Nf6 2. d4 c6 3. Nf3 d5 4. e3 e6 5. b3 Ne4 6. Bd3 f5 7. 0-0 Nd7 8. a4 a5 9. Qc2 Bb4 10. Bb2 0-0 11. Nc3 Qe7 12. Ne2 Rf6 13. Ne5 Rh6 14. Rad1 Nxe5 15. dxe5 b6 16. cxd5 cxd5 17. f3 Nc5 18. Bb5 Bb7 19. g3 g5 20. Bc3 Bxc3 21. Qxc3 Rg6 22. g4 Rc8 23. Rc1 fxg4 24. fxg4 Rg7 25. b4 axb4 26. Qxb4 Qc7 27. Qb2 Re7 28. a5 bxa5 29. Qa3 a4 30. Nd4 Qb6 31. Rf2 Rec7 32. Rfc2 h6 33. Kg2 Ne4 34. Rxc7 Rxc7 35. Rf1 Rf7 36. Qxa4 Bc8 37. Qa8 Rxf1 38. Kxf1 Qb7 1/2-1/2